000 00461 a2200121 4500
001 ART_38204
005 20260410161803.0
008 260409a
245 1 0 _aEl régimen de responsabilidad de los administradores de las personas jurídicas a partir del Código Civil y Comercial de la Nación
100 1 _aJunyent Bas, Francisco
700 1 _aMeza, Mariana I.
773 0 _tDoctrina Societaria y Concursal
_g- Nº 332 (jul. 2015)
_wREV4298
999 _c20791
_d20791